000
00352nam a2200133Ia 4500
008
100328s9999 xx 000 0 und d
082
_b
44216
100
_a
देशपांडे कृ.पं.
245
_a
कार्तिक
260
_b
नुतन
630
_a
कार्तिक
730
_a
कार्तिक
942
_c
BOOK
999
_c
532507
_d
532504